000 00366nam a2200145Ia 4500
008 230917s9999||||xx |||||||||||||| ||und||
040 _e18829
_aMAIN
041 _aEnglish
082 _a330.9 H95E
100 _aHusain, Ishrat Z
245 0 _aEconomic factors in economic growth
260 _aBombay
_bAllied Publishers
_c1967
300 _ax, 322 p.
942 _cBK
999 _c38764
_d38764